Borgeet (Record no. 3655)

MARC details
000 -LEADER
fixed length control field 00556cam a2200217ua 4500
001 - CONTROL NUMBER
control field 3833
005 - DATE AND TIME OF LATEST TRANSACTION
control field 20260515113734.0
008 - FIXED-LENGTH DATA ELEMENTS--GENERAL INFORMATION
fixed length control field 111207n ii |||gr||||Z||||||asm
040 ## - CATALOGING SOURCE
Transcribing agency MAIN
082 ## - DEWEY DECIMAL CLASSIFICATION NUMBER
Classification number 782.25
100 ## - MAIN ENTRY--PERSONAL NAME
Personal name Pathak, Dayananda,
Relator term Editor.,
245 11 - TITLE STATEMENT
Title Borgeet
Statement of responsibility, etc. ed. by Dayananda Pathak
250 ## - EDITION STATEMENT
Edition statement 1st.
260 ## - PUBLICATION, DISTRIBUTION, ETC.
Place of publication, distribution, etc. Guwahati:
Name of publisher, distributor, etc. Chetana Prakash,993.
300 ## - PHYSICAL DESCRIPTION
Extent 59p:
Dimensions 23cm.
653 ## - INDEX TERM--UNCONTROLLED
Uncontrolled term Assamese song
653 ## - INDEX TERM--UNCONTROLLED
Uncontrolled term Borgit
700 ## - ADDED ENTRY--PERSONAL NAME
Personal name Sarma, Rajani Kanta,
Relator term Editor.,
700 ## - ADDED ENTRY--PERSONAL NAME
Personal name Sankardeva & Madhavadeva,
Relator term Author.
942 ## - ADDED ENTRY ELEMENTS (KOHA)
Koha item type Books
Holdings
Withdrawn status Lost status Damaged status Not for loan Home library Current library Shelving location Date acquired Total checkouts Full call number Barcode Date last seen Copy number Price effective from Koha item type
        Naharkatiya College Library Naharkatiya College Library General stacks 09/19/2020   782.25 | BOR 10329 09/19/2020 2 09/19/2020 Books
        Naharkatiya College Library Naharkatiya College Library General stacks 09/19/2020   782.25 | BOR 10330 09/19/2020 1 09/19/2020 Books